01173cam a22002898i 450000100090000000300120000900500170002100800410003801000170007902000260009604000230012204200080014505000250015308200270017810000200020524501590022525000200038426300090040430000130041350001320042650200060055850400510056465000400061570000230065570000230067877601820070118178453Nust- CAS-E20180118181405.0140605s2014 enk b 001 0 eng  a 2014020780 a9781118618639 (cloth) aDLCbengcDLCerda apcc00aHD9502.A2bB876 201400a333.79223bBUR-M 20141 aBurger, Markus.10aManaging energy risk :ba practical guide for risk management in power, gas and other energy markets /cMarkus Burger, Bernhard Graeber, Gero Schindlmayr. aSecond edition. a1407 apages cm aRevised edition of the authors' Managing energy risk : an integrated view on power and other energy markets, published in 2007.0 a0 aIncludes bibliographical references and index. 0aEnergy industriesxRisk management.1 aGraeber, Bernhard.1 aSchindlmayr, Gero.08iOnline version:aBurger, Markus.tManaging energy riskbSecond edition.dChichester, West Sussex, United Kingdom : John Wiley & Sons, Inc., 2014z9781118618622w(DLC) 2014022546